000 00225nam a2200121Ia 4500
100 _a#N/A
650 _aComputer/ IT
942 _cBK
654 _aPUPPY
245 _aPUPPY LINUX 4 .0
260 _b#N/A
546 _aENGLISH
999 _c31704
_d31704